The girl who chased away sorrow : (Record no. 2406)

MARC details
000 -LEADER
fixed length control field 01388cam a2200385 a 4500
001 - CONTROL NUMBER
control field 2406
003 - CONTROL NUMBER IDENTIFIER
control field FISKH
005 - DATE AND TIME OF LATEST TRANSACTION
control field 20241107095925.0
008 - FIXED-LENGTH DATA ELEMENTS--GENERAL INFORMATION
fixed length control field 981014s1999 nyuab j 000 1 eng
010 ## - LIBRARY OF CONGRESS CONTROL NUMBER
LC control number 98048826
020 ## - INTERNATIONAL STANDARD BOOK NUMBER
International Standard Book Number 0590972162 (alk. paper)
020 ## - INTERNATIONAL STANDARD BOOK NUMBER
International Standard Book Number 9780439445702
040 ## - CATALOGING SOURCE
Original cataloging agency DLC
Transcribing agency DLC
Modifying agency DLC
Language of cataloging eng
042 ## - AUTHENTICATION CODE
Authentication code lcac
043 ## - GEOGRAPHIC AREA CODE
Geographic area code n-ust--
050 00 - LIBRARY OF CONGRESS CALL NUMBER
Classification number PZ7.T8535
Item number Gi 1999
082 00 - DEWEY DECIMAL CLASSIFICATION NUMBER
Classification number 813/.54
Edition number 21
100 1# - MAIN ENTRY--PERSONAL NAME
Personal name Turner, Ann Warren.
245 14 - TITLE STATEMENT
Title The girl who chased away sorrow :
Remainder of title the diary of Sarah Nita, a Navajo girl /
Statement of responsibility, etc. by Ann Turner.
250 ## - EDITION STATEMENT
Edition statement First Paperback printing, October 2002
260 ## - PUBLICATION, DISTRIBUTION, ETC.
Place of publication, distribution, etc. New York :
Name of publisher, distributor, etc. Scholastic,
Date of publication, distribution, etc. 1999
300 ## - PHYSICAL DESCRIPTION
Extent 195 pages :
Other physical details illustrations, maps ;
Dimensions 20 cm
440 #0 - SERIES STATEMENT/ADDED ENTRY--TITLE
Title Dear America
505 ## - FORMATTED CONTENTS NOTE
Formatted contents note Z'<br/>
520 ## - SUMMARY, ETC.
Summary, etc. The diary of Sarah Nita, a thirteen-year old Navajo girl, which describes the Navajos' forced 400-mile walk from their ancestral homeland to Fort Sumner in 1864.
521 8# - TARGET AUDIENCE NOTE
Target audience note 920<br/>
Source Lexile<br/>
521 8# - TARGET AUDIENCE NOTE
Target audience note Z'<br/>
Source Raz-Plus<br/>
650 #0 - SUBJECT ADDED ENTRY--TOPICAL TERM
Topical term or geographic name entry element Navajo girls
General subdivision Social conditions
Form subdivision Juvenile fiction.
650 #0 - SUBJECT ADDED ENTRY--TOPICAL TERM
Topical term or geographic name entry element Navajo Indians
General subdivision Relocation
Form subdivision Juvenile fiction.
650 #0 - SUBJECT ADDED ENTRY--TOPICAL TERM
Topical term or geographic name entry element Navajo Indians
General subdivision History
Form subdivision Juvenile fiction.
650 #1 - SUBJECT ADDED ENTRY--TOPICAL TERM
Topical term or geographic name entry element Navajo Indians
Form subdivision Fiction.
650 #1 - SUBJECT ADDED ENTRY--TOPICAL TERM
Topical term or geographic name entry element Indians of North America
Geographic subdivision Southwest, New
Form subdivision Fiction.
906 ## - LOCAL DATA ELEMENT F, LDF (RLIN)
a 7
b cbc
c orignew
d 1
e ocip
f 19
g y-gencatlg
942 ## - ADDED ENTRY ELEMENTS (KOHA)
Source of classification or shelving scheme Dewey Decimal Classification
Koha item type Books
Suppress in OPAC No
Holdings
Withdrawn status Lost status Source of classification or shelving scheme Damaged status Not for loan Collection Home library Current library Shelving location Date acquired Total Checkouts Full call number Barcode Date last seen Copy number Price effective from Koha item type
    Dewey Decimal Classification     Fiction Footprints International School Library Network Toul Kork Campus Footprints International School Library Network Toul Kork Campus   11/24/2023   TUR 813.54 PZ7.T8535 FISSE00619 11/24/2023 1 11/24/2023 Books
    Dewey Decimal Classification     Fiction Footprints International School Library Network Toul Kork Campus Footprints International School Library Network Toul Kork Campus TTP Secondary Fiction Bookshelves 11/24/2023   TUR 813.54 PZ7.T8535 FISSE00618 11/07/2024 2 11/24/2023 Books
    Dewey Decimal Classification     Fiction Footprints International School Library Network Toul Kork Campus Footprints International School Library Network Toul Kork Campus TTP Secondary Fiction Bookshelves 11/24/2023   TUR 813.54 PZ7.T8535 FIS04659 11/29/2024 3 11/24/2023 Books